[Event "Belgrade Trophy 21st"]
[Site "Obrenovac"]
[Date "2008.11.30"]
[Round "4"]
[White "Karaklajic, Nikola"]
[Black "Cabrilo, Goran"]
[Result "0-1"]
[WhiteElo "2303"]
[BlackElo "2500"]
[PlyCount "58"]
[EventDate "2008.11.27"]
[EventType "swiss"]
[EventRounds "9"]
[EventCountry "YUG"]
[SourceTitle "CBM 127 Extra"]
[Source "ChessBase"]
[SourceDate "2009.01.08"]
[SourceVersion "2"]
[SourceVersionDate "2009.01.28"]
[SourceQuality "1"]

1. d4 Nf6 2. Nc3 d5 3. Bg5 Nbd7 4. Qd3 c6 5. Bxf6 Nxf6 6. e4 Qa5 7. exd5 Nxd5 8. Qd2 Nxc3 9. Qxc3 Qxc3+ 10. bxc3 g6 11. Bd3 Bg7 12. Ne2 e5 13. 0-0-0 Be6 14. dxe5 Bxe5 15. Nd4 Bxd4 16. cxd4 0-0-0 17. Be2 Bxa2 18. c4 Rhe8 19. Rd2 Rxe2 20. Rxe2 Bxc4 21. Rd2 Bd5 22. Rg1 b5 23. Kb2 Kb7 24. Re1 a5 25. Rde2 Be6 26. Kc3 b4+ 27. Kd3 c5 28. Ke4 Rxd4+ 29. Ke5 Kb6 0-1

[Event "Belgrade Trophy 21st"]
[Site "Obrenovac"]
[Date "2008.11.27"]
[Round "1"]
[White "Petrovic, Milan"]
[Black "Karaklajic, Nikola"]
[Result "1/2-1/2"]
[WhiteElo "1963"]
[BlackElo "2303"]
[PlyCount "80"]
[EventDate "2008.11.27"]
[EventType "swiss"]
[EventRounds "9"]
[EventCountry "YUG"]
[SourceTitle "CBM 127 Extra"]
[Source "ChessBase"]
[SourceDate "2009.01.08"]
[SourceVersion "2"]
[SourceVersionDate "2009.01.28"]
[SourceQuality "1"]

1. e4 d5 2. exd5 Nf6 3. Nf3 Nxd5 4. Bc4 Bg4 5. Nc3 e6 6. Qe2 Nxc3 7. bxc3 Qf6 8. d4 Bxf3 9. gxf3 Nd7 10. Rg1 h6 11. Rg4 0-0-0 12. a4 e5 13. Rb1 Nb6 14. dxe5 Qc6 15. Bxf7 Qxc3+ 16. Kf1 h5 17. Re4 a5 18. Bg5 Bb4 19. Bxd8 Rxd8 20. Rd1 c6 21. Rxd8+ Kxd8 22. Qd3+ Qxd3+ 23. cxd3 Nxa4 24. Rd4+ Ke7 25. e6 Nb6 26. Ke2 Bc3 27. Rf4 a4 28. Bg8 a3 29. Rf7+ Ke8 30. Rxb7 a2 31. Bf7+ Kf8 32. Bxh5 Nd5 33. e7+ Nxe7 34. Rb8+ Nc8 35. Rxc8+ Ke7 36. Ra8 a1Q 37. Rxa1 Bxa1 38. f4 c5 39. f3 Bd4 40. f5 Kf6 1/2-1/2

[Event "Belgrade Trophy 20th"]
[Site "Belgrade"]
[Date "2007.11.28"]
[Round "7"]
[White "Vuckovic, Branko"]
[Black "Karaklajic, Nikola"]
[Result "1/2-1/2"]
[WhiteElo "2214"]
[BlackElo "2317"]
[PlyCount "120"]
[EventDate "2007.11.22"]
[EventType "swiss"]
[EventRounds "9"]
[EventCountry "YUG"]
[SourceTitle "CBM 121 Extra"]
[Source "ChessBase"]
[SourceDate "2008.01.10"]
[SourceVersion "1"]
[SourceVersionDate "2008.01.10"]
[SourceQuality "1"]

1. e4 d5 2. exd5 Nf6 3. Bb5+ Bd7 4. Bc4 Bg4 5. f3 Bc8 6. Nc3 Nbd7 7. Ne4 Nb6 8. Nxf6+ gxf6 9. Bb3 Nxd5 10. d4 c6 11. Ne2 Be6 12. c4 Nb6 13. Qd3 Qd7 14. Be3 Bf5 15. Qc3 e6 16. g4 Bg6 17. Nf4 0-0-0 18. 0-0-0 Qc7 19. h4 Bh6 20. g5 fxg5 21. Ne2 Bg7 22. hxg5 e5 23. Qa5 Nd5 24. Qxc7+ Nxc7 25. dxe5 Bxe5 26. Bxa7 Rxd1+ 27. Bxd1 Bd3 28. Rh4 Re8 29. Kd2 Rd8 30. Kc1 Re8 31. Nd4 Bg3 32. Rg4 Bd6 33. b3 c5 34. Bc2 Bg6 35. Bf5+ Kd8 36. Bxg6 fxg6 37. Nb5 Nxb5 38. cxb5 Kc7 39. Rh4 Re7 40. a4 b6 41. a5 bxa5 42. Ra4 Re3 43. Kc2 Rxf3 44. Rxa5 Kb7 45. Ra6 Be5 46. Re6 Kxa7 47. Rxe5 Kb6 48. Re4 Kxb5 49. Rh4 Rg3 50. Rxh7 Rxg5 51. Rh3 Rg4 52. Rh8 Rg2+ 53. Kd3 Rg3+ 54. Kc2 g5 55. Rb8+ Kc6 56. b4 cxb4 57. Rxb4 Re3 58. Kd2 Re5 59. Rd4 Kc5 60. Kd3 Kc6 1/2-1/2

[Event "Belgrade Trophy 20th"]
[Site "Belgrade"]
[Date "2007.11.23"]
[Round "2"]
[White "Karaklajic, Nikola"]
[Black "Stojanovic, Marija R"]
[Result "1/2-1/2"]
[WhiteElo "2317"]
[BlackElo "2152"]
[PlyCount "37"]
[EventDate "2007.11.22"]
[EventType "swiss"]
[EventRounds "9"]
[EventCountry "YUG"]
[SourceTitle "CBM 121 Extra"]
[Source "ChessBase"]
[SourceDate "2008.01.10"]
[SourceVersion "1"]
[SourceVersionDate "2008.01.10"]
[SourceQuality "1"]

1. e4 e6 2. d4 d5 3. Nc3 dxe4 4. Nxe4 Nd7 5. Bd3 Ngf6 6. Qe2 c5 7. Bg5 Qa5+ 8. Bd2 Qc7 9. Nf3 Be7 10. dxc5 Nxe4 11. Bxe4 Nxc5 12. 0-0 0-0 13. Bc3 f6 14. Nd4 Nxe4 15. Qxe4 e5 16. Qd5+ Kh8 17. Ne6 Bxe6 18. Qxe6 Bc5 19. Rad1 1/2-1/2

[Event "Belgrade Masinac"]
[Site "Belgrade"]
[Date "2007.02.23"]
[Round "8"]
[White "Karaklajic, Nikola"]
[Black "Strbac, Mladen"]
[Result "0-1"]
[WhiteElo "2320"]
[BlackElo "2294"]
[PlyCount "106"]
[EventDate "2007.02.16"]
[EventType "schev"]
[EventRounds "10"]
[EventCountry "SRB"]
[SourceTitle "EXT 2024"]
[Source "ChessBase"]
[SourceDate "2023.10.10"]
[SourceVersion "1"]
[SourceVersionDate "2023.10.10"]
[SourceQuality "1"]

1. e4 e6 2. d4 d5 3. Nc3 Nf6 4. Bg5 Bb4 5. e5 h6 6. Bd2 Bxc3 7. bxc3 Ne4 8. Qg4 Kf8 9. Bd3 Nxd2 10. Kxd2 c5 11. Nf3 c4 12. Be2 Nc6 13. h4 b5 14. a3 a5 15. Rhb1 Rb8 16. Qf4 Qe7 17. Qe3 Ke8 18. g3 Kd8 19. Ne1 Kc7 20. Ng2 Rd8 21. Nf4 Bd7 22. Nh5 Qf8 23. f4 b4 24. axb4 axb4 25. cxb4 Rxb4 26. Rxb4 Qxb4+ 27. Qc3 Qb6 28. Ke3 g6 29. Nf6 h5 30. g4 hxg4 31. Bxg4 Rb8 32. h5 gxh5 33. Bxh5 Ne7 34. Qa5 Nf5+ 35. Kd2 Bc6 36. Qxb6+ Rxb6 37. Kc3 Ng3 38. Rg1 Ra6 39. Kd2 Nf5 40. Bxf7 Nxd4 41. Rg7 Kb6 42. Bh5 Ra2 43. Bd1 Nf5 44. Rh7 d4 45. Nd7+ Kb5 46. Nf8 Bd5 47. Rd7 Kc6 48. Rd8 d3 49. Kc3 Ne3 50. cxd3 Nxd1+ 51. Kd4 c3 52. Rd6+ Kb5 53. Nxe6 Ra4+ 0-1

[Event "Belgrade Masinac"]
[Site "Belgrade"]
[Date "2007.02.21"]
[Round "6"]
[White "Karaklajic, Nikola"]
[Black "Nadj Hedjesi, Balind"]
[Result "1/2-1/2"]
[WhiteElo "2320"]
[BlackElo "2351"]
[PlyCount "84"]
[EventDate "2007.02.16"]
[EventType "schev"]
[EventRounds "10"]
[EventCountry "SRB"]
[SourceTitle "EXT 2024"]
[Source "ChessBase"]
[SourceDate "2023.10.10"]
[SourceVersion "1"]
[SourceVersionDate "2023.10.10"]
[SourceQuality "1"]

1. e4 c5 2. c3 d5 3. exd5 Qxd5 4. d4 Nf6 5. Nf3 Bg4 6. Be2 e6 7. h3 Bh5 8. 0-0 Nc6 9. Be3 cxd4 10. cxd4 Be7 11. Nc3 Qd6 12. Qb3 Qb4 13. Qxb4 Bxb4 14. g4 Bg6 15. Ne5 0-0 16. Nxc6 bxc6 17. Rac1 Rab8 18. Na4 Nd5 19. Rxc6 Nxe3 20. fxe3 Bd2 21. Kf2 f5 22. Rxe6 fxg4+ 23. Kg3 Rxf1 24. Bxf1 Bf7 25. Re7 Re8 26. Rxe8+ Bxe8 27. Bc4+ Kh8 28. Nc3 Bxe3 29. d5 gxh3 30. Kxh3 Bd7+ 31. Kg2 Bd4 32. Kf3 h5 33. Ke4 Bf6 34. Bb5 Bh3 35. d6 Bg2+ 36. Kf4 h4 37. Ne4 Bxe4 38. Kxe4 Bxb2 39. Bc4 Kh7 40. Kf5 Bf6 41. Bf1 Kh6 42. Bh3 Bd8 1/2-1/2

[Event "Belgrade Masinac"]
[Site "Belgrade"]
[Date "2007.02.16"]
[Round "1"]
[White "Martic, Ivan"]
[Black "Karaklajic, Nikola"]
[Result "1/2-1/2"]
[WhiteElo "2309"]
[BlackElo "2320"]
[PlyCount "149"]
[EventDate "2007.02.16"]
[EventType "schev"]
[EventRounds "10"]
[EventCountry "SRB"]
[SourceTitle "EXT 2024"]
[Source "ChessBase"]
[SourceDate "2023.10.10"]
[SourceVersion "1"]
[SourceVersionDate "2023.10.10"]
[SourceQuality "1"]

1. e4 d5 2. exd5 Nf6 3. Bb5+ Bd7 4. Be2 Nxd5 5. d4 Nc6 6. Nf3 Bg4 7. 0-0 e6 8. h3 Bh5 9. c4 Nb6 10. Nc3 Bxf3 11. Bxf3 Nxc4 12. d5 N6e5 13. dxe6 Qxd1 14. exf7+ Nxf7 15. Rxd1 c6 16. Re1+ Be7 17. Ne4 0-0 18. Be2 Nb6 19. b3 Bb4 20. Rd1 Rfe8 21. Bf3 Nd5 22. Bb2 Rad8 23. a3 Bf8 24. g3 Re6 25. Rac1 Rde8 26. Nc5 Bxc5 27. Rxc5 Re1+ 28. Rxe1 Rxe1+ 29. Kg2 Nf6 30. Rc2 Ng5 31. Be2 Nd5 32. b4 a6 33. Bc4 Rd1 34. Bb3 Rd3 35. Bc4 Rd1 36. Be2 Rb1 37. Bg4 Re1 38. Re2 Rxe2 39. Bxe2 Kf7 40. h4 Ne6 41. Kf3 Ke7 42. Bd3 g6 43. Ke2 c5 44. bxc5 Nxc5 45. Bc2 Nf6 46. f3 b5 47. Ke3 a5 48. Kd4 Kd6 49. Bc3 Ne6+ 50. Kd3 Nh5 51. Be1 a4 52. Ke3 Kc5 53. Bd3 Nd4 54. g4 Ng7 55. Bb4+ Kd5 56. Be4+ Kc4 57. Bd3+ Kd5 58. Bc3 Nge6 59. f4 Nb3 60. Bxb5 h5 61. gxh5 gxh5 62. Bxa4 Nbd4 63. Bxd4 Nxd4 64. Bd7 Nc2+ 65. Kf3 Nxa3 66. Be8 Ke6 67. Bxh5 Nc4 68. Bg4+ Kf6 69. Ke4 Nd6+ 70. Kd5 Nf7 71. Be6 Nd8 72. f5 Nf7 73. Ke4 Nh6 74. Kf4 Nxf5 75. Bxf5 1/2-1/2

[Event "Belgrade-chT"]
[Site "Belgrade"]
[Date "2005.10.04"]
[Round "4"]
[White "Andrijevic, Milan"]
[Black "Karaklajic, Nikola"]
[Result "1-0"]
[WhiteElo "2358"]
[BlackElo "2353"]
[PlyCount "89"]
[EventDate "2005.10.01"]
[EventType "team-tourn"]
[EventRounds "9"]
[EventCountry "YUG"]
[SourceTitle "CBM 108 Extra"]
[Source "ChessBase"]
[SourceDate "2005.11.04"]
[SourceVersion "1"]
[SourceVersionDate "2005.11.04"]
[SourceQuality "1"]

1. e4 e5 2. Nf3 Nc6 3. Bb5 Nf6 4. 0-0 Nxe4 5. d4 Nd6 6. Bxc6 dxc6 7. dxe5 Nf5 8. Qxd8+ Kxd8 9. Nc3 Ke8 10. h3 Ne7 11. Ne4 Bf5 12. Re1 Rd8 13. Nf6+ gxf6 14. exf6 Be6 15. fxe7 Bxe7 16. Bg5 Rg8 17. h4 Rd7 18. Bxe7 Rxe7 19. Ng5 Bd5 20. Rxe7+ Kxe7 21. Re1+ Kd8 22. f3 h6 23. Ne4 Re8 24. Kf2 f5 25. Nc3 Rxe1 26. Kxe1 Ke7 27. Kf2 Kf6 28. Ke3 Ke5 29. g3 a5 30. a3 Bc4 31. Ne2 c5 32. Nf4 b5 33. Nd3+ Bxd3 34. Kxd3 h5 35. b3 c6 36. Ke3 f4+ 37. gxf4+ Kf5 38. c4 a4 39. bxa4 bxa4 40. Ke2 Kxf4 41. Kf2 Ke5 42. Ke3 Kf5 43. f4 Kg4 44. Ke4 Kxh4 45. Kf3 1-0

[Event "Belgrade tt Cup"]
[Site "Belgrade"]
[Date "2005.04.08"]
[Round "4"]
[White "Velickovic, Sasa"]
[Black "Karaklajic, Nikola"]
[Result "1-0"]
[WhiteElo "2406"]
[BlackElo "2365"]
[PlyCount "78"]
[EventDate "2005.04.05"]
[EventType "team-tourn"]
[EventRounds "5"]
[EventCountry "YUG"]
[SourceTitle "CBM 105 Extra"]
[Source "ChessBase"]
[SourceDate "2005.05.01"]
[SourceVersion "1"]
[SourceVersionDate "2005.05.01"]
[SourceQuality "1"]

1. e4 e5 2. Nf3 Nc6 3. Bb5 Nf6 4. Qe2 a6 5. Ba4 b5 6. Bb3 Bc5 7. c3 0-0 8. 0-0 d5 9. d3 dxe4 10. dxe4 Qe7 11. h3 Nd8 12. a4 Bb7 13. Bc2 Nh5 14. Kh2 bxa4 15. Rxa4 Ne6 16. g3 Bd6 17. Ra5 Nf6 18. Nbd2 Nc5 19. b4 Ncd7 20. Nc4 c5 21. Nxd6 Qxd6 22. Rd1 Qc7 23. Bg5 cxb4 24. cxb4 Rac8 25. Bd3 Qc3 26. Bd2 Qc6 27. Nxe5 Nxe5 28. Rxe5 Qd6 29. Bf4 Qb6 30. b5 a5 31. Re7 Ba8 32. Be3 Qd6 33. Ra7 Rfd8 34. Bc2 Qb8 35. Rxd8+ Rxd8 36. Qc4 Nd7 37. Qc7 Ne5 38. Qxb8 Rxb8 39. Bf4 f6 1-0

[Event "Belgrade Trophy 18th"]
[Site "Obrenovac"]
[Date "2005.??.??"]
[Round "9"]
[White "Stojanovic, Marija R"]
[Black "Karaklajic, Nikola"]
[Result "1-0"]
[WhiteElo "2188"]
[BlackElo "2353"]
[PlyCount "48"]
[EventDate "2005.11.22"]
[EventType "swiss"]
[EventRounds "9"]
[EventCountry "YUG"]
[SourceTitle "CBM 109 Extra"]
[Source "ChessBase"]
[SourceDate "2006.01.03"]
[SourceVersion "2"]
[SourceVersionDate "2006.01.03"]
[SourceQuality "1"]

1. e4 d5 2. exd5 Nf6 3. Nf3 Nxd5 4. d4 Bg4 5. Be2 e6 6. 0-0 Nc6 7. h3 Bh5 8. Re1 Be7 9. c3 0-0 10. Ne5 Bxe2 11. Qxe2 Nxe5 12. dxe5 Qd7 13. Qg4 f5 14. exf6 Rxf6 15. c4 Bc5 16. Be3 Nxe3 17. fxe3 Raf8 18. Nc3 Qd3 19. Qe2 Bxe3+ 20. Kh1 Qxe2 21. Rxe2 Bd4 22. Ne4 Rf1+ 23. Rxf1 Rxf1+ 24. Kh2 h6 1-0

[Event "Budapest FS10 IM-A"]
[Site "Budapest"]
[Date "2000.10.17"]
[Round "11"]
[White "Karaklajic, Nikola"]
[Black "Puschmann, Laszlo"]
[Result "1-0"]
[WhiteElo "2366"]
[BlackElo "2285"]
[PlyCount "57"]
[EventDate "2000.10.07"]
[EventType "tourn"]
[EventRounds "11"]
[EventCountry "HUN"]
[EventCategory "2"]
[SourceTitle "CBM 078 Extra"]
[Source "ChessBase"]
[SourceDate "2000.11.10"]
[SourceVersion "1"]
[SourceVersionDate "2000.11.10"]
[SourceQuality "1"]

1. e4 b6 2. d4 Bb7 3. Bd3 e6 4. Nf3 g6 5. 0-0 Bg7 6. Bg5 f6 7. Be3 Nh6 8. Qd2 Nf7 9. c4 0-0 10. Nc3 d6 11. Rad1 Nd7 12. Qe2 Qe7 13. b4 f5 14. Qc2 Qf6 15. Nb5 f4 16. Bd2 c6 17. Nxd6 Nxd6 18. e5 Qe7 19. exd6 Qxd6 20. c5 Qe7 21. Rfe1 b5 22. Re2 Rf7 23. Rde1 Nf8 24. Re4 g5 25. h4 h6 26. hxg5 hxg5 27. Ne5 Re8 28. Bc3 Bc8 29. Nxc6 1-0

[Event "Budapest FS10 IM-A"]
[Site "Budapest"]
[Date "2000.10.16"]
[Round "10"]
[White "Eperjesi, Laszlo"]
[Black "Karaklajic, Nikola"]
[Result "1/2-1/2"]
[WhiteElo "2370"]
[BlackElo "2366"]
[PlyCount "22"]
[EventDate "2000.10.07"]
[EventType "tourn"]
[EventRounds "11"]
[EventCountry "HUN"]
[EventCategory "2"]
[SourceTitle "CBM 078 Extra"]
[Source "ChessBase"]
[SourceDate "2000.11.10"]
[SourceVersion "1"]
[SourceVersionDate "2000.11.10"]
[SourceQuality "1"]

1. d4 Nf6 2. c4 e6 3. Nc3 Bb4 4. e3 0-0 5. Bd3 d5 6. Nf3 c5 7. 0-0 Nc6 8. a3 Bxc3 9. bxc3 dxc4 10. Bxc4 Qc7 11. Bd3 e5 1/2-1/2

[Event "Budapest FS10 IM-A"]
[Site "Budapest"]
[Date "2000.10.15"]
[Round "9"]
[White "Karaklajic, Nikola"]
[Black "Nyysti, Sampsa"]
[Result "0-1"]
[WhiteElo "2366"]
[BlackElo "2305"]
[PlyCount "94"]
[EventDate "2000.10.07"]
[EventType "tourn"]
[EventRounds "11"]
[EventCountry "HUN"]
[EventCategory "2"]
[SourceTitle "CBM 078 Extra"]
[Source "ChessBase"]
[SourceDate "2000.11.10"]
[SourceVersion "1"]
[SourceVersionDate "2000.11.10"]
[SourceQuality "1"]

1. e4 c5 2. c3 Nf6 3. e5 Nd5 4. Nf3 e6 5. Bc4 Nb6 6. Bb3 c4 7. Bc2 d6 8. d4 cxd3 9. Qxd3 Nc6 10. exd6 Qxd6 11. Qe2 Be7 12. 0-0 0-0 13. Rd1 Qc7 14. Na3 a6 15. Nc4 Nxc4 16. Qxc4 e5 17. Bg5 h6 18. Qe4 f5 19. Qd5+ Kh7 20. Bxe7 Qxe7 21. Qd6 Qe8 22. Ba4 b5 23. Bb3 Rf6 24. Qc5 e4 25. Ne1 Bb7 26. Rd6 Rxd6 27. Qxd6 Rd8 28. Qf4 Qe5 29. Qxe5 Nxe5 30. Rd1 Rxd1 31. Bxd1 Nc4 32. b3 Nd2 33. Bc2 Kg6 34. h4 f4 35. Nf3 Nxf3+ 36. gxf3 Kf5 37. Kf1 Ke5 38. fxe4 Bxe4 39. Bd1 f3 40. Ke1 Kf4 41. Kd2 h5 42. c4 g5 43. Ke1 Bd3 44. hxg5 h4 45. g6 h3 46. g7 Bh7 47. Bc2 h2 0-1

[Event "Budapest FS10 IM-A"]
[Site "Budapest"]
[Date "2000.10.08"]
[Round "2"]
[White "Karaklajic, Nikola"]
[Black "Somogyi, Istvan"]
[Result "1/2-1/2"]
[WhiteElo "2366"]
[BlackElo "2260"]
[PlyCount "70"]
[EventDate "2000.10.07"]
[EventType "tourn"]
[EventRounds "11"]
[EventCountry "HUN"]
[EventCategory "2"]
[SourceTitle "CBM 078 Extra"]
[Source "ChessBase"]
[SourceDate "2000.11.10"]
[SourceVersion "1"]
[SourceVersionDate "2000.11.10"]
[SourceQuality "1"]

1. e4 c5 2. c3 d5 3. exd5 Qxd5 4. d4 Nc6 5. Nf3 Nf6 6. Be3 cxd4 7. cxd4 e6 8. a3 Be7 9. Nc3 Qd6 10. Bd3 0-0 11. Qc2 Bd7 12. 0-0 Rac8 13. Rad1 Rfd8 14. Qe2 a6 15. Ne5 Be8 16. Nc4 Qc7 17. d5 exd5 18. Bb6 dxc4 19. Bxh7+ Kxh7 20. Bxc7 Rxc7 21. Qxc4 Rcd7 22. Rxd7 Rxd7 23. Re1 Kg8 24. h3 Bd6 25. Nd5 Nxd5 26. Rxe8+ Bf8 27. Qc5 Nde7 28. b4 Nd4 29. Qa7 Ne6 30. Qa8 g6 31. Rb8 Nf5 32. Rxb7 Rd1+ 33. Kh2 Rd2 34. Kg1 Rd1+ 35. Kh2 Rd2 1/2-1/2

[Event "Subotica"]
[Site "Subotica"]
[Date "1999.10.24"]
[Round "3"]
[White "Karaklajic, Nikola"]
[Black "Vasovski, Nikola"]
[Result "0-1"]
[WhiteElo "2378"]
[BlackElo "2375"]
[PlyCount "62"]
[EventDate "1999.10.??"]
[EventType "tourn"]
[EventRounds "11"]
[EventCountry "YUG"]
[EventCategory "6"]
[SourceTitle "EXT 2005"]
[Source "ChessBase"]
[SourceDate "2004.11.15"]
[SourceVersion "1"]
[SourceVersionDate "2004.11.15"]
[SourceQuality "1"]

1. e4 c5 2. c3 Nf6 3. e5 Nd5 4. Nf3 Nc6 5. d4 cxd4 6. Bc4 e6 7. cxd4 d6 8. 0-0 Be7 9. exd6 Qxd6 10. Nc3 Nxc3 11. bxc3 0-0 12. Qe2 b6 13. Rd1 Bb7 14. Rd3 h6 15. a4 Rfd8 16. Qe4 f5 17. Qe2 Bf6 18. Ba3 Qd7 19. Rd2 Re8 20. d5 Na5 21. dxe6 Qc8 22. Ba2 Ba6 23. e7+ Kh8 24. Qe3 Bc4 25. Ne5 Bxa2 26. Raxa2 Bxe5 27. Qxe5 Nc4 28. Qe2 Nxa3 29. Rxa3 Qc5 30. Ra1 Rxe7 31. Qf3 Rc8 0-1

[Event "Lee Cup 4th"]
[Site "Beijing"]
[Date "1997.08.27"]
[Round "4"]
[White "Wang, Zili"]
[Black "Karaklajic, Nikola"]
[Result "1-0"]
[WhiteElo "2520"]
[BlackElo "2380"]
[PlyCount "149"]
[EventDate "1997.08.23"]
[EventType "swiss"]
[EventRounds "11"]
[EventCountry "CHN"]
[SourceTitle "CBM 061"]
[Source "ChessBase"]
[SourceDate "1997.11.23"]
[SourceVersion "1"]
[SourceVersionDate "1997.11.23"]
[SourceQuality "1"]

1. e4 e5 2. Nf3 Nc6 3. Bb5 a6 4. Ba4 Nf6 5. 0-0 Nxe4 6. d4 b5 7. Bb3 d5 8. dxe5 Be6 9. Nbd2 Bc5 10. Nxe4 dxe4 11. Ng5 Qxd1 12. Rxd1 Bxb3 13. axb3 0-0 14. Nxe4 Bd4 15. e6 fxe6 16. c3 Bb6 17. Be3 Rfd8 18. Kf1 Rxd1+ 19. Rxd1 Rd8 20. Ra1 Bxe3 21. fxe3 a5 22. Ke2 Rd5 23. Nd2 Kf7 24. Nf3 Ke7 25. e4 Rd8 26. Ke3 e5 27. h4 b4 28. Rc1 bxc3 29. bxc3 Rb8 30. Nd2 Ke6 31. Rf1 h6 32. Kd3 Ne7 33. Ra1 Rd8+ 34. Ke3 Nc6 35. Rf1 Na7 36. Nc4 Nc6 37. g3 Rb8 38. Nd2 Rd8 39. Ra1 Rb8 40. Ra3 Rd8 41. Ke2 Rf8 42. Nc4 Rb8 43. Ke3 Rb5 44. Kd3 Rb8 45. Nxa5 Nxa5 46. Rxa5 Rxb3 47. Ra6+ Ke7 48. Rc6 Rb7 49. Kc4 Ra7 50. Kd5 Ra5+ 51. Rc5 Ra7 52. Rc6 Ra5+ 53. Kc4 Ra4+ 54. Kd3 Ra7 55. g4 Kf8 56. Kc4 Ra1 57. Kd5 Rg1 58. Rg6 Ra1 59. c4 Rd1+ 60. Kxe5 c5 61. Rc6 Rg1 62. Ke6 Kg8 63. Kf5 h5 64. g5 Kf7 65. e5 Rf1+ 66. Ke4 Rh1 67. e6+ Kg6 68. Ke5 Rxh4 69. Rc8 Rh1 70. e7 Re1+ 71. Kd6 Kxg5 72. e8Q Rxe8 73. Rxe8 h4 74. Kxc5 Kg4 75. Kd4 1-0

[Event "Lee Cup 4th"]
[Site "Beijing"]
[Date "1997.08.24"]
[Round "2"]
[White "Xu, Yuanyuan"]
[Black "Karaklajic, Nikola"]
[Result "1/2-1/2"]
[WhiteElo "2190"]
[BlackElo "2380"]
[PlyCount "176"]
[EventDate "1997.08.23"]
[EventType "swiss"]
[EventRounds "11"]
[EventCountry "CHN"]
[SourceTitle "CBM 061"]
[Source "ChessBase"]
[SourceDate "1997.11.23"]
[SourceVersion "1"]
[SourceVersionDate "1997.11.23"]
[SourceQuality "1"]

1. d4 d5 2. c4 e6 3. Nc3 c6 4. Nf3 Nf6 5. cxd5 exd5 6. Qc2 Na6 7. a3 Nc7 8. Bg5 Ne6 9. Bh4 g6 10. e3 Ng7 11. Bd3 Bf5 12. 0-0 Be7 13. b4 a6 14. Ne5 0-0 15. Na4 Bxd3 16. Nxd3 Nf5 17. Bxf6 Bxf6 18. Nac5 Qc7 19. a4 Nd6 20. a5 Rae8 21. Rfe1 Re7 22. Re2 Rfe8 23. Rae1 Bg7 24. Nb2 Nf5 25. Nba4 h5 26. Qd3 Nh6 27. f3 Nf5 28. Nb3 Qd6 29. Nac5 h4 30. Kh1 Qf6 31. e4 Ng3+ 32. hxg3 hxg3 33. Kg1 Qh4 34. Rc2 f5 35. Nd2 fxe4 36. fxe4 Qh2+ 37. Kf1 Rf8+ 38. Ke2 Qxg2+ 39. Kd1 Rf2 40. e5 Qh3 41. Rg1 Rg2 42. Rxg2 Qxg2 43. Qf1 Qh2 44. Nf3 Qh5 45. Qg2 Rf7 46. Rc3 Qg4 47. Kc2 Bh6 48. e6 Re7 49. Ne5 Qf5+ 50. Kb2 Bf4 51. Rf3 Rh7 52. e7 Rxe7 53. Ncd3 g5 54. Qxg3 Bxg3 55. Rxf5 Rg7 56. Ng4 Bh4 57. Nf6+ Kh8 58. Re5 Rf7 59. Re8+ Kg7 60. Nh5+ Kh7 61. Ne5 Rc7 62. Nf6+ Kg7 63. Nfg4 Bg3 64. Re6 Bf4 65. Kc3 Kf8 66. Ng6+ Kg7 67. Nxf4 gxf4 68. Rf6 Re7 69. Rxf4 Re1 70. Ne5 Kg8 71. Nd3 Re3 72. Rf6 Kg7 73. Rd6 Re7 74. Rd8 Kf6 75. Rf8+ Kg7 76. Rb8 Kf6 77. Nc5 Re3+ 78. Kd2 Rh3 79. Rxb7 Rh2+ 80. Kc3 Rh3+ 81. Kb2 Rh4 82. Nb3 Ke6 83. Ra7 Rh2+ 84. Ka3 Kd6 85. Rxa6 Rh8 86. Ra7 Re8 87. Nc5 Re3+ 88. Ka4 Ra3+ 1/2-1/2